La culture en couleurs (1) Orange - Statistiques

Statistiques générales
  • Ce quiz a été pris 16 053 fois
    15 968 depuis la dernière actualisation
  • Le résultat moyen est 7 sur 20
Statistiques - réponses
Indice Réponse % Correct
Quel fruit est obtenu par le croisement d'un oranger et d'un mandarinier ? Clémentine
85%
Quelle série américaine se déroule dans une prison pour femmes ? Orange is the New Black
67%
De quelle religion le orange est-il la couleur sacrée ? Hindouisme
65%
Quel pays est le premier producteur mondial d'oranges ? Brésil
51%
Dans quel département français se situe la ville d'Orange ? Vaucluse
51%
Sur quel pays règne depuis 1813 la maison d'Orange-Nassau ? Pays-Bas
50%
Quelle entreprise de télécommunications fut renommée Orange en 2013 ? France Télécom
48%
Quel réalisateur a signé le film Orange Mécanique, sorti en 1971 ? Stanley Kubrick
46%
Quel terme désigne familièrement la cellulite, le capiton ? Peau d'orange
43%
Quel était le nom de l'ancêtre du pass Navigo, en service jusqu'en 2010 ? Carte orange
32%
Quel nom est donné à une étoile légèrement plus petite que le Soleil ? Naine orange
29%
Dans quel pays s'est déroulée la « Révolution orange » en 2004 ? Ukraine
26%
Quel défoliant nocif fut largement épandu par les États-Unis lors de la Guerre du Viêt Nam ? Agent orange
23%
Dans quel pays peut-on trouver le fleuve Orange ? Afrique du Sud
19%
Quel pigment orange, utile à la photosynthèse, sert souvent de colorant alimentaire ? Caroténoïde
18%
Quel poète français est l'auteur de « La terre est bleue comme une orange » ? Paul Eluard
14%
Quel chanteur s'interrogeait sur le vol de l'orange du marchand, en 1964 ? Gilbert Bécaud
13%
Quelle spécialité culinaire donne son nom à une pièce de théâtre comique anglaise ? Le canard à l'orange
13%
Dans quel pays le Nouveau Parti Démocratique arbore-t-il la couleur orange ? Canada
12%
Dans quelle ville du Comté d'Orange peut-on trouver le parc Disneyland ? Anaheim
6%
Aucun quiz correspondant
Distribution des résultats
% des personnes avec chaque résultat
Percentile par nombre de réponses
Votre historique - résultats
Vous n’avez pas pris ce quiz depuis la dernière actualisation